LEADER 00971nam a2200193 i 4500 001 000000230690 003 CaOOAMICUS 005 20140616000000.0 008 140616s1769 it u000 u lat u 013 $a209592 026 $atais s,is ama- 3.av (3) 1769 (R) 040 $aSeMil$bita 245 10$aTomus 1. 300 $a[24], 803, [1] p. 500 $aSegn. : *8 2*4 A-3C8 3D10. - Vignetta xilogr. sul front. 773 0 $aAlexandre, Noël <1639-1724>$tExpositio litteralis et moralis Sancti Evangelii Jesu Christi secundum Matthaeum. Auctore R.P.F. Natali Alexandro ... Opus sacrarum litterarum cultoribus, necnon Verbi Dei praeconibus utilissimum ... Tomus 1. [-2.].$bEditio novissima, novo indice concionatorio ... summo labore expurgata.$dParisiis : Expensis Thomae Bettinelli veneti, 1769.$g1$w()30075 850 $aSeMil 852 $aSeMil$W1$xVenegono$y1$m2V III 65 FA$j181036$B181036$CSeMilBibl$Z2$F191822 $8I 996 $6245$aTomus 1$9(OLS)http://semarc/title/47282 LEADER 01406nam a2200253 i 4500 001 000000240586 003 CaOOAMICUS 005 20150402000000.0 008 150402s1790 it u000 u ita u 013 $a219491 026 $ae-la o-i- tes- c-i- (C) 1790 (Q) 040 $aSeMil$bita 245 10$aIndulto pubblicato dall'illustrissimo e reverendissimo monsignore fr. Adeodato Turchi ... per la Quaresima dell'anno 1790. 260 $aParma :$bDalla Stamperia vescovile di Marco Rossi, e Andrea Ubaldi,$c1790. 300 $a8 p. ;$c4°. 500 $aData di stampa presunta, 1790, nel tit. - Stemma del Turchi sul front. - Segn. : *4. 700 1 $aTurchi, Adeodato .$0(OLS)http://semarc/name/5422 773 0 $aTurchi, Adeodato $t[Omelie, lettere pastorali, indulti, ecc. di monsignor Fr. Adeodato Turchi ...].$dParma : Dalla Stamperia vescovile di Marco Rossi, e Andrea Ubaldi, 1789.$w()11210 850 $aSeMil 852 $aSeMil$W1$xVenegono$y1$m3F VI 1/10 FA$j190932$B190932$CSeMilBibl$Z2$F201757 $8I 941 1 $a10 961 $aRecupero: Mantegazza 996 $6245$aIndulto pubblicato dall'illustrissimo e reverendissimo monsignore fr. Adeodato Turchi ... per la Quaresima dell'anno 1790$9(OLS)http://semarc/title/342144 996 $6260$aParma :$bDalla Stamperia vescovile di Marco Rossi, e Andrea Ubaldi$9(OLS)http://semarc/publisher/33086